INTRODUCTION TO BIOSTATISTICS AND COMPUTER SCIENCE: FOR PHARMACY AND MEDICAL STUDENTS (Record no. 7890)

MARC details
000 -LEADER
fixed length control field 00500nam a22001697a 4500
005 - DATE AND TIME OF LATEST TRANSACTION
control field 20240108110559.0
008 - FIXED-LENGTH DATA ELEMENTS--GENERAL INFORMATION
fixed length control field 220209b ||||| |||| 00| 0 eng d
020 ## - INTERNATIONAL STANDARD BOOK NUMBER
ISBN 978-81-85790-33-6
041 ## - LANGUAGE CODE
Language code of text/sound track or separate title eng
082 ## - DEWEY DECIMAL CLASSIFICATION NUMBER
Classification number 610.01
100 ## - MAIN ENTRY--AUTHOR NAME
Personal name SHAH, Y.I , PARADKAR Dr. A. R AND DHAYAGUDE M.G
245 ## - TITLE STATEMENT
Title INTRODUCTION TO BIOSTATISTICS AND COMPUTER SCIENCE: FOR PHARMACY AND MEDICAL STUDENTS
260 ## - PUBLICATION, DISTRIBUTION, ETC. (IMPRINT)
Place of publication PUNE
Name of publisher NIRALI PRAKASHAN
300 ## - PHYSICAL DESCRIPTION
Number of Pages I.2;p
650 ## - SUBJECT ADDED ENTRY--TOPICAL TERM
Topical Term PHARMACY
General subdivision B.PHARMA
942 ## - ADDED ENTRY ELEMENTS (KOHA)
Koha item type Books
Holdings
Lost status Damaged status Collection code Home library Current library Shelving location Date acquired Source of acquisition Cost, normal purchase price Full call number Accession Number Koha item type
    Reference JRU Library JRU Library SHELF-3-E 09/02/2022 PURCHASE 245.00 610.01 26132 Books
    PHARMACY JRU Library JRU Library Shelf - 25- H 09/02/2022 PURCHASE 245.00 610.01 26133 Books